[Event "Xtracon Chess Open 2016"]
[Site "Elsinore"]
[Date "2016.07.31"]
[Round "10.191"]
[White "Mansoor, Areeb"]
[Black "Nielsen, Bent K"]
[Result "0-1"]
[WhiteElo "1020"]
[BlackElo "1349"]
[PlyCount "76"]
[EventDate "2016.07.23"]

1. e4 c5 2. Nc3 Nc6 3. d3 e6 4. Nf3 Be7 5. Bf4 d6 6. Be2 Nf6 7. O-O a6 8. e5
dxe5 9. Bxe5 Nxe5 10. Nxe5 O-O 11. Bh5 Nxh5 12. Qxh5 f6 13. Ng4 Qe8 14. Qxe8
Rxe8 15. Ne2 e5 16. a3 Bxg4 17. Nc3 Red8 18. f3 Bf5 19. g4 Bg6 20. b4 cxb4 21.
axb4 Bxb4 22. Ne4 b5 23. h4 Bxe4 24. fxe4 Bc3 25. Rab1 Rd4 26. Rf3 Rb4 27. Rbf1
Ra4 28. Kg2 Ra1 29. R1f2 Bd4 30. Re2 Rf8 31. g5 Rg1+ 32. Kh3 fxg5 33. Rxf8+
Kxf8 34. hxg5 Rxg5 35. Re1 Rg6 36. c4 bxc4 37. Rc1 c3 38. Kh2 h5 0-1

[Event "Xtracon Chess Open 2016"]
[Site "Elsinore"]
[Date "2016.07.31"]
[Round "10.192"]
[White "Eldor, Finn"]
[Black "Hestholm, Gustav"]
[Result "1/2-1/2"]
[WhiteElo "1428"]
[BlackElo "1055"]
[PlyCount "67"]
[EventDate "2016.07.23"]

1. d4 Nf6 2. Nc3 d5 3. Bf4 e6 4. a3 c5 5. Nb5 Na6 6. e3 Bd7 7. Nc3 Qb6 8. b3
cxd4 9. exd4 Bd6 10. Bxd6 Qxd6 11. Nf3 O-O 12. Bd3 Rac8 13. Ne2 Rc7 14. O-O
Rfc8 15. Ne5 Nc5 16. c3 Nxd3 17. Nxd3 Ne4 18. b4 Nxc3 19. Nxc3 Rxc3 20. Re1
R8c4 21. Nc5 b6 22. Nxd7 Qxd7 23. Qd2 Qe7 24. Rac1 Rxc1 25. Rxc1 Rxc1+ 26. Qxc1
Qd8 27. h3 a5 28. bxa5 bxa5 29. Qc5 f6 30. f4 h6 31. h4 g5 32. hxg5 hxg5 33.
fxg5 fxg5 34. g4 1/2-1/2

[Event "Xtracon Chess Open 2016"]
[Site "Elsinore"]
[Date "2016.07.31"]
[Round "10.193"]
[White "Jacobsen, Harald Kittel Lytom"]
[Black "Thybo, Jan"]
[Result "0-1"]
[WhiteElo "1343"]
[BlackElo "1382"]
[PlyCount "70"]
[EventDate "2016.07.23"]

1. e4 e5 2. Nf3 Nc6 3. Bc4 Be7 4. Nc3 Nf6 5. Ng5 O-O 6. d3 h6 7. Nf3 a6 8. Nd5
b5 9. Bb3 Bc5 10. Nxf6+ Qxf6 11. Bd5 Bb7 12. Bd2 a5 13. a3 a4 14. b4 axb3 15.
cxb3 Rxa3 16. b4 Rxa1 17. Qxa1 Bxb4 18. Bxb4 Nxb4 19. O-O Bxd5 20. exd5 Nxd3
21. Qc3 Nf4 22. Nxe5 Ne2+ 23. Kh1 Nxc3 24. Nxd7 Qd6 25. Nxf8 Kxf8 26. Ra1 Qxd5
27. Ra8+ Qxa8 28. h3 b4 29. Kh2 b3 30. g4 b2 31. Kg3 b1=Q 32. h4 Qg1+ 33. Kf4
Qa4+ 34. Ke3 Nd5+ 35. Kd3 Qgd1# 0-1

[Event "Xtracon Chess Open 2016"]
[Site "Elsinore"]
[Date "2016.07.31"]
[Round "10.194"]
[White "Jacobsen, Stig Jerlow"]
[Black "Schjolin, John"]
[Result "1/2-1/2"]
[WhiteElo "1322"]
[BlackElo "1201"]
[PlyCount "98"]
[EventDate "2016.07.23"]

1. e4 e5 2. Nf3 Nc6 3. d4 exd4 4. Bc4 h6 5. O-O Bd6 6. Nxd4 Ne5 7. Bb3 Nf6 8.
f4 Nc6 9. Nxc6 bxc6 10. Qd4 Qe7 11. Kh1 Bc5 12. Qc3 Nxe4 13. Qxg7 Qf6 14. Qxf6
Nxf6 15. Re1+ Be7 16. Nc3 d5 17. Bd2 Bf5 18. Re5 Be4 19. Nxe4 Nxe4 20. Bb4 Nd6
21. Bxd6 cxd6 22. Re2 Kd7 23. Rd1 Bf6 24. c3 Rhe8 25. Rxe8 Rxe8 26. g3 Re2 27.
Rb1 Bg7 28. Bd1 Re3 29. Kg2 c5 30. Kf2 d4 31. c4 Ke6 32. Bg4+ f5 33. Bf3 a5 34.
b3 Kd7 35. Re1 Rxe1 36. Kxe1 d3 37. Kd2 Bd4 38. Kxd3 Bg1 39. h3 Bf2 40. g4 fxg4
41. hxg4 Bh4 42. Ke4 Ke6 43. f5+ Kf6 44. Kd5 Bg3 45. Kc6 Ke7 46. Kb5 Be1 47.
Kc6 Bc3 48. Kd5 Be5 49. Bd1 Bd4 1/2-1/2